000 00296nam a2200121 a 4500
008 100917s1983|||| d
100 1 _aDelibes, Miguel
245 1 0 _aMôj synáčik Sisí
260 _bSlovenský spisovateľ
_aBratislava
_c1983
020 _c27
044 _axo
_cSK
041 _aslo
999 _c10447
_d10447